Слияние и поглощения международных компаний: вопросы теории и практики (Запись № 12709823)

Подробности
000 -МАРКЕР
контрольное поле 03523nam0a2200349 4500
001 - ИДЕНТИФИКАТОР ЗАПИСИ
контрольное поле RU\NLR\BIBL_A\016211868
005 - ИДЕНТИФИКАТОР ВЕРСИИ
контрольное поле 20230201124217.0
010 ## - МЕЖДУНАРОДНЫЙ СТАНДАРТНЫЙ НОМЕР КНИГИ (ISBN)
Номер (ISBN) 978-5-9228-2603-7
021 ## - НОМЕР ГОСУДАРСТВЕННОЙ РЕГИСТРАЦИИ
Код страны Российская Федерация
Номер КН-П-22-072010
Номер Листа государственной регистраци КН-П-22-6268
035 ## - ДРУГИЕ СИСТЕМНЫЕ НОМЕРА
Идентификатор записи (NLR Aleph) 016211868
035 ## - ДРУГИЕ СИСТЕМНЫЕ НОМЕРА
Идентификатор записи (RuMoRGB)011294510
100 ## - ДАННЫЕ ОБЩЕЙ ОБРАБОТКИ
Данные общей обработки 20221118d2022 u y0rusy50 ca
101 0# - ЯЗЫК РЕСУРСА
Язык текста, звукозаписи и т.д. русский
102 ## - СТРАНА ПУБЛИКАЦИИ ИЛИ ПРОИЗВОДСТВА
Страна публикации Российская Федерация
105 ## - ПОЛЕ КОДИРОВАННЫХ ДАННЫХ: ТЕКСТОВЫЕ МАТЕРИАЛЫ, МОНОГРАФИЧЕСКИЕ
Кодированные данные о монографическом текстовом документе y z 000zy
181 #0 - ПОЛЕ КОДИРОВАННЫХ ДАННЫХ: ВИД СОДЕРЖАНИЯ
Код вида содержания (ISBD) i
Код характеристики содержания (ISBD) axxe
182 #0 - ПОЛЕ КОДИРОВАННЫХ ДАННЫХ: ТИП СРЕДСТВА
Код типа средства (ISBD) n - непосредственное
200 1# - ЗАГЛАВИЕ И СВЕДЕНИЯ ОБ ОТВЕТСТВЕННОСТИ
Основное заглавие Слияние и поглощения международных компаний: вопросы теории и практики
Сведения, относящиеся к заглавию учебное пособие
Первые сведения об ответственности Н. Ю. Конина
Последующие сведения об ответственности Федеральное государственное бюджетное образовательное учреждение высшего образования "Московский государственный институт международных отношений (университет) Министерства иностранных дел Российской Федерации", Кафедра менеджмента, маркетинга и внешнеэкономической деятельности имени И. Н. Герчиковой
203 ## - ВИД СОДЕРЖАНИЯ И ТИП СРЕДСТВА
Вид содержания Текст
Дополнительные сведения об издании визуальный
Тип средства непосредственный
210 ## - ПУБЛИКАЦИЯ, РАСПРОСТРАНЕНИЕ И ДР.
Место издания, распространения и т.д. Москва
Имя издателя, распространителя и т. д. МГИМО-университет
Дата издания, распространения и т.д. 2022
215 ## - ФИЗИЧЕСКАЯ ХАРАКТЕРИСТИКА
Специфическое обозначение материала и объем 221, [1] с.
Размеры 20
320 ## - ПРИМЕЧАНИЯ О НАЛИЧИИ В ДОКУМЕНТЕ БИБЛИОГРАФИИ / УКАЗАТЕЛЯ
Текст примечания Библиогр.: с. 221-222 (19 назв.)
330 ## - РЕЗЮМЕ ИЛИ РЕФЕРАТ
Текст примечания В учебном пособии системно представлены особенности и механизм слияний и поглощений как важного инструмента достижения стратегических целей компании. Рассмотрены общие фундаментальные и прикладные вопросы, различные этапы слияний и поглощений - от стратегического обоснования до реализации. Значительное внимание уделено практическим вопросам баланса стратегических и тактических вопросов, форм и мотивов слияний и поглощений, различным этапам приобретений, структурированию сделок и проблемам достижения последующей интеграции как кульминации слияний и поглощений международных фирм. Для студентов бакалавриата и магистратуры МГИМО МИД России, обучающихся по направлениям подготовки "Менеджмент" и "Экономика", слушателей школ бизнеса, менеджеров и предпринимателей
606 1# - НАИМЕНОВАНИЕ ТЕМЫ КАК ПРЕДМЕТ
Наименование темы Фирмы
Формальный подзаголовок Учебные издания для высших учебных заведений
Тематический подзаголовок Слияние
Системный номер авторитетной/нормативной записи 2388889
Идентификатор авторитетной/нормативной записи RU\NLR\AUTH\661424787
606 1# - НАИМЕНОВАНИЕ ТЕМЫ КАК ПРЕДМЕТ
Наименование темы Фирмы
Формальный подзаголовок Учебные издания для высших учебных заведений
Тематический подзаголовок Реструктуризация
Системный номер авторитетной/нормативной записи 2541584
Идентификатор авторитетной/нормативной записи RU\NLR\AUTH\661504622
686 1# - ИНДЕКСЫ ДРУГИХ КЛАССИФИКАЦИЙ
Индекс У29(0)я73
700 #1 - ИМЯ ЛИЦА - ПЕРВИЧНАЯ ОТВЕТСТВЕННОСТЬ
Графика поля Кириллица
Материалы, к которым относится поле rus
Начальный элемент ввода Конина
Часть имени, кроме начального элемента ввода Н. Ю.
Расширение инициалов личного имени Наталия Юрьевна
Системный номер авторитетной/нормативной записи 197627
Идентификатор авторитетной/нормативной записи RU\NLR\AUTH\770197678
942 ## - ДОПОЛНИТЕЛЬНЫЕ ЭЛЕМЕНТЫ ЗАПИСИ (АБИС)
Тип экземпляра АБИС Книга
980 ## - КОЛЛЕКЦИЯ
Название коллекции Национальная библиография
Экземпляры
Тип экземпляра Дата поступления Источник поступления Библиотека постоянного хранения Библиотека текущего хранения Место хранения Шифр хранения Штрих-код Статус экземпляра
Книга 18.11.2022 Обязательный экземпляр РНБ (Московский) РНБ (Московский) Русский книжный фонд: издания с 1957 года 2022-3/32080 1-4050299  
Книга 18.11.2022 Обязательный экземпляр РНБ (Московский) РНБ (Московский) Русский книжный фонд: издания с 1957 года 2022-3/32080 1-4050300